000 00511nam a2200181Ia 4500
999 _c28028
_d28028
003 OSt
005 20210111150129.0
008 190216s9999||||xx |||||||||||||| ||und||
020 _a9788124005828
040 _coclc
082 _a894.8128
_bMEE/B
100 _aMeerakutty, P
_96976
245 0 _aBasheer :
_bKaalathinte Kanal /
_cP Meerakutty
260 _bCurrent Books,
_aKottayam:
_c1998.
300 _a78p
650 _aPadanam
942 _cBK
_2ddc
_h894.8128
_iMEE/B
_k894.8128
_mMEE/B